ভাৰতীয় শিক্ষাত নৱ- পৰিক্ৰমা( Emerging Trends in Indian Education ) (Record no. 16422)

MARC details
000 -LEADER
fixed length control field 00583nam a22001937a 4500
008 - FIXED-LENGTH DATA ELEMENTS--GENERAL INFORMATION
fixed length control field 260423b |||||||| |||| 00| 0 eng d
020 ## - INTERNATIONAL STANDARD BOOK NUMBER
International Standard Book Number 9789358497748
Price 390.00
040 ## - CATALOGING SOURCE
Original Cataloguing agency Sibsagar Commerce College Central Library
041 ## - LANGUAGE CODE
Language code of text/sound track or separate title Assamese
082 ## - DEWEY DECIMAL CLASSIFICATION NUMBER
Classification number 370
Book Number DEK
100 ## - MAIN ENTRY--PERSONAL NAME
Personal name Deka, Nabanita.
Dates associated with a name Bora, Swapnali.
245 ## - TITLE STATEMENT
Title ভাৰতীয় শিক্ষাত নৱ- পৰিক্ৰমা( Emerging Trends in Indian Education )
Statement of responsibility, etc. By Nabanita Deka.
250 ## - EDITION STATEMENT
Edition statement 1st ed.
260 ## - PUBLICATION, DISTRIBUTION, ETC.
Place of publication, distribution, etc. Dibrugarh:
Name of publisher, distributor, etc. Banalata;
Date of publication, distribution, etc. 2026.
300 ## - PHYSICAL DESCRIPTION
Pages 466p.
650 ## - Subject
Subject Education
942 ## - ADDED ENTRY ELEMENTS (KOHA)
Source of classification or shelving scheme Dewey Decimal Classification
Koha item type Books
Holdings
Withdrawn status Lost status Source of classification or shelving scheme Damaged status Not for loan Collection code Home library Current library Shelving location Date acquired Source of acquisition Total Checkouts Full call number Barcode Date last seen Copy number Cost, replacement price Price effective from Koha item type
    Dewey Decimal Classification     Education Sibsagar Commerce College Central Library Sibsagar Commerce College Central Library General Stacks 23/04/2026 Kitap Ghar   370 DEK 29220 23/04/2026 1 780.00 23/04/2026 Books
    Dewey Decimal Classification     Education Sibsagar Commerce College Central Library Sibsagar Commerce College Central Library General Stacks 23/04/2026 Kitap Ghar   370 DEK 29221 23/04/2026 2 780.00 23/04/2026 Books
    Dewey Decimal Classification     Education Sibsagar Commerce College Central Library Sibsagar Commerce College Central Library General Stacks 23/04/2026 Kitap Ghar   370 DEK 29222 23/04/2026 3 780.00 23/04/2026 Books
    Dewey Decimal Classification     Education Sibsagar Commerce College Central Library Sibsagar Commerce College Central Library General Stacks 23/04/2026 Kitap Ghar   370 DEK 29223 23/04/2026 4 780.00 23/04/2026 Books


Sibsagar Commerce College © 2020. All rights reserved.
Powered by Koha.
Hosted by LIBKART.